=LDR 00000nam 2200000 4500 =001 INLIS000000000035976 =005 20130612141806 =008 ***********************************Ind** =035 ##$$0010-061300000035976 =041 ##$$a Ind =082 ##$$a 657.1 =090 ##$$a 657.1, Pem s =100 ##$$a Fokusmedia =245 ##$$a Standar Akutansi Pemerintahan, Foku7smedia =260 ##$$a 2005 $b Bandung; Fokusmedia =300 ##$$a v,224, 21 cm =850 ##$$a NBPNMAT